Asian crucible : (Record no. 24359)

MARC details
000 -LEADER
fixed length control field 01078cam a2200265 a 4500
020 ## - INTERNATIONAL STANDARD BOOK NUMBER
ISBN 0803994141
020 ## - INTERNATIONAL STANDARD BOOK NUMBER
ISBN 9780803994140
082 00 - DEWEY DECIMAL CLASSIFICATION NUMBER
Classification number 338.4
Item number ASI
245 00 - TITLE STATEMENT
Title Asian crucible :
Sub Title the steel industry in China and India /
Statement of responsibility, etc under the direction of Gilbert Etienne ; with the contributions of Jacques Astier, Hari Bhushan, Dai Zhong.
260 ## - PUBLICATION, DISTRIBUTION, ETC. (IMPRINT)
Place of publication New Delhi ;
Name of publisher Sage,
Year of publication 1992.
300 ## - PHYSICAL DESCRIPTION
Number of Pages 304 p. ;
Dimensions 24 cm.
500 ## - GENERAL NOTE
General note Rev. and updated ed. of: Asian crucible. 1990.
500 ## - GENERAL NOTE
General note "Published on behalf of the Modern Asia Research Centre, Geneva, and Indian Council for Research on International Economic Relations, New Delhi"--P. [2].
504 ## - BIBLIOGRAPHY, ETC. NOTE
Bibliography, etc Includes bibliographical references.
650 #0 - SUBJECT ADDED ENTRY--TOPICAL TERM
Subject Steel industry and trade
Geographic subdivision China.
650 #0 - SUBJECT ADDED ENTRY--TOPICAL TERM
Subject Steel industry and trade
Geographic subdivision India.
700 1# - ADDED ENTRY--PERSONAL NAME
Author 2/ Editor Etienne, Gilbert.
700 1# - ADDED ENTRY--PERSONAL NAME
Author 2/ Editor Astier, J. E.
700 1# - ADDED ENTRY--PERSONAL NAME
Author 2/ Editor Bhushan, Hari.
700 1# - ADDED ENTRY--PERSONAL NAME
Author 2/ Editor Dai, Zhong.
710 2# - ADDED ENTRY--CORPORATE NAME
Corporate name or jurisdiction name as entry element Université de Genève.
710 2# - ADDED ENTRY--CORPORATE NAME
Corporate name or jurisdiction name as entry element Indian Council for Research on International Economic Relations.
942 ## - ADDED ENTRY ELEMENTS (KOHA)
Source of classification or shelving scheme Dewey Decimal Classification
Koha item type Books
Holdings
Withdrawn status Lost status Source of classification or shelving scheme Damaged status Not for loan Home library Current library Shelving location Date acquired Full call number Accession Number Price effective from Koha item type
    Dewey Decimal Classification     Institute of Public Enterprise, Library Institute of Public Enterprise, Library S Campus 06/01/2006 338.4 ASI 019009 06/01/2026 Books

Maintained and Designed by
2cqr automation private limited, Chennai. All Rights Reserved.

You are Visitor Number

PHP Hits Count